| 000 | 00490nam a2200205Ia 4500 | ||
|---|---|---|---|
| 003 | OSt | ||
| 005 | 20140426085438.0 | ||
| 008 | 140130s9999 xx 000 0 und d | ||
| 020 | _a0439388481 | ||
| 050 |
_aPZ 7 _b.M927Aar 2002 |
||
| 100 | _aMunsch, Robert | ||
| 245 |
_cRobert Munsch _aAaron's hair / |
||
| 260 |
_bScholastic, _c2002. _aNew York : |
||
| 300 |
_a29 p. : _bcol. ill. ; _c26 cm. |
||
| 440 | _v1 | ||
| 521 | _aG1 | ||
| 526 | _c190 | ||
| 942 |
_cBK _2lcc |
||
| 999 |
_c39928 _d39928 |
||